<?xml version="1.0" encoding="UTF-8"?>
<marc:record xmlns:marc="http://www.loc.gov/MARC21/slim">
   <marc:leader>00000nam a2200000 a 4500</marc:leader>
   <marc:datafield ind1="1" ind2=" " tag="100">
      <marc:subfield code="a">Bowles, Jeff T.</marc:subfield>
      <marc:subfield code="4">aut</marc:subfield>
      <marc:subfield code="e">Verfasser/-in</marc:subfield>
   </marc:datafield>
   <marc:datafield ind1=" " ind2=" " tag="653">
      <marc:subfield code="a">Vitamin D3</marc:subfield>
   </marc:datafield>
   <marc:datafield ind1=" " ind2=" " tag="653">
      <marc:subfield code="a">Vitamin-D-Mangel</marc:subfield>
   </marc:datafield>
   <marc:datafield ind1=" " ind2=" " tag="653">
      <marc:subfield code="a">Allergien</marc:subfield>
   </marc:datafield>
   <marc:datafield ind1=" " ind2=" " tag="653">
      <marc:subfield code="a">Anti-Aging</marc:subfield>
   </marc:datafield>
   <marc:datafield ind1=" " ind2=" " tag="653">
      <marc:subfield code="a">Depression</marc:subfield>
   </marc:datafield>
   <marc:datafield ind1=" " ind2=" " tag="653">
      <marc:subfield code="a">Krebs</marc:subfield>
   </marc:datafield>
   <marc:datafield ind1=" " ind2=" " tag="653">
      <marc:subfield code="a">Magnesium</marc:subfield>
   </marc:datafield>
   <marc:datafield ind1=" " ind2=" " tag="653">
      <marc:subfield code="a">Magnesiumöl</marc:subfield>
   </marc:datafield>
   <marc:datafield ind1=" " ind2=" " tag="653">
      <marc:subfield code="a">Osteoporose</marc:subfield>
   </marc:datafield>
   <marc:datafield ind1=" " ind2=" " tag="653">
      <marc:subfield code="a">Raimund von Helden</marc:subfield>
   </marc:datafield>
   <marc:datafield ind1=" " ind2=" " tag="653">
      <marc:subfield code="a">Vitamin K2</marc:subfield>
   </marc:datafield>
   <marc:datafield ind1=" " ind2=" " tag="653">
      <marc:subfield code="a">chronische Erkrankungen</marc:subfield>
   </marc:datafield>
   <marc:datafield ind1="0" ind2="0" tag="245">
      <marc:subfield code="a">Hochdosiert</marc:subfield>
   </marc:datafield>
   <marc:datafield ind1="0" ind2="0" tag="245">
      <marc:subfield code="b">die wundersamen Auswirkungen extrem hoher Dosen von Vitamin D3, dem Sonnenscheinhormon - mein 1 Jahr dauerndes Experiment mit 100000 IE/Tag</marc:subfield>
   </marc:datafield>
   <marc:datafield ind1="0" ind2="0" tag="245">
      <marc:subfield code="c">Jeff T. Bowles ; [Deutsche Übersetzung: Peter Hiess</marc:subfield>
   </marc:datafield>
   <marc:datafield ind1=" " ind2="1" tag="264">
      <marc:subfield code="a">München</marc:subfield>
      <marc:subfield code="b">Goldmann</marc:subfield>
   </marc:datafield>
   <marc:datafield ind1="1" ind2=" " tag="490">
      <marc:subfield code="a">Goldmann</marc:subfield>
   </marc:datafield>
   <marc:datafield ind1=" " ind2=" " tag="250">
      <marc:subfield code="a">1. Auflage, vollständige Taschenbuchausgabe</marc:subfield>
   </marc:datafield>
   <marc:datafield ind1="1" ind2=" " tag="520">
      <marc:subfield code="a">Angaben aus der Verlagsmeldung

Hochdosiert : Die wundersamen Auswirkungen extrem hoher Dosen von Vitamin D3, dem Sonnenscheinhormon - Mein 1 Jahr dauerndes Experiment mit 100000 IE/Tag / von Jeff T. Bowles

Die wirksame Substanz gegen Depression, Asthma und Krebs.
Vitamin-D-Mangel gehört für die Menschen in unseren Breitengraden zu den gravierendsten Gesundheitsgefahren – insbesondere während der dunklen Wintermonate sind wir unterversorgt, weshalb viele das „Sonnenschein“-Hormon substituieren. Dabei entpuppt sich Vitamin D in neueren Studien als wahrer Alleskönner für unseren Organismus: Eine ausreichende Einnahme gilt mittlerweile als wichtiger Faktor, wenn es um die Vorbeugung von Krankheiten wie Depression, Osteoporose, Asthma oder Krebs geht. Genau hier setzt Jeff T. Bowles' ungewöhnlicher Selbstversuch an: Mithilfe immens hoher Dosen Vitamin D3 (bis zu 100.000 IE/Tag/ärztlich empfohlene Menge = 1.000 IE/Tag) gelingt es ihm, seine chronischen Leiden zu heilen. Mit seinem Erfahrungsbericht gibt er detailliert Auskunft über den Verlauf des Experiments und – gespickt mit einer Fülle von Fakten – dem Leser eine wertvolle Anleitung an die Hand.
</marc:subfield>
   </marc:datafield>
   <marc:datafield ind1=" " ind2=" " tag="020">
      <marc:subfield code="a">9783442222056</marc:subfield>
      <marc:subfield code="9">9783442222056</marc:subfield>
   </marc:datafield>
   <marc:datafield ind1=" " ind2=" " tag="020">
      <marc:subfield code="a">3442222052</marc:subfield>
      <marc:subfield code="9">3442222052</marc:subfield>
   </marc:datafield>
   <marc:datafield ind1=" " ind2=" " tag="041">
      <marc:subfield code="a">ger</marc:subfield>
   </marc:datafield>
   <marc:datafield ind1=" " ind2=" " tag="300">
      <marc:subfield code="a">158 Seiten</marc:subfield>
   </marc:datafield>
</marc:record>
